[Event "FIDE-Online-Steinitz-Memorial-Women"]
[Site "Internet"]
[Date "2020.05.17"]
[Round "14"]
[White "Stefanova, Antoaneta"]
[Black "Lei, Tingjie"]
[Result "1/2-1/2"]
[WhiteElo "2485"]
[BlackElo "2530"]
[Annotator "TA"]
[PlyCount "143"]
[EventDate "2020.05.15"]
[EventType "tourn"]
[SourceTitle "playchess.com"]
[Source "ChessBase"]
[SourceQuality "1"]

{[%evp 13,143,-17,-20,-28,11,1,16,16,15,5,16,0,18,0,7,0,4,0,0,-8,1,0,0,-18,7,-48,-50,-57,-58,-64,-38,-55,-25,-27,-28,-20,-23,-25,-31,-28,-33,-76,0,0,0,-163,0,-31,95,-37,124,104,93,113,123,119,141,145,268,231,354,354,374,366,5189,3700,1310,328,344,272,672,766,1021,788,571,332,1182,978,1817,1535,5057,2619,1529,1544,12797,7235,6096,6091,5924,1355,635,980,1089,8,220,220,479,27,27,8,5065,31,2296,8,8,0,8,0,0,0,8,8,8,8,8,8,8,8,8,8,8,0,8,8,8,8,8,8,8,8,8,8]} 1. d4 Nf6 2. Nf3 d5 3. Bf4 c5 4. e3 Nc6 5. c3 Qb6 6. Qc1 Bf5 7. Nbd2 e6 8. Nh4 {D02: 1 d4 d5 2 Nf3 sidelines, including 2...Nf6 3 g3 and 2...Nf6 3 Bf4.} Bg4 {[%cal Rc5d4]} (8... Be4 $5) 9. h3 Bh5 {[%cal Rc5d4]} 10. g4 Bg6 11. Nxg6 hxg6 12. Bg2 Rc8 {[%cal Rc5d4]} 13. Qb1 {[#]} Qd8 $146 ({Predecessor:} 13... Be7 14. O-O O-O 15. Bg3 Rfd8 16. f4 Bd6 17. Bf2 cxd4 18. cxd4 Rc7 19. a3 Rdc8 {0-1 (43) Bochkarev,A (2306)-Bykov,O (2178) Samara 2015}) 14. O-O Bd6 15. Bxd6 Qxd6 16. f4 b5 17. Qd3 b4 18. a3 {Threatens to win with dxc5.} bxc3 19. bxc3 (19. dxc5 $1 $11 Qxc5 20. Rac1) 19... O-O $15 20. Bf3 cxd4 21. cxd4 Na5 22. Rfc1 Rc7 23. Rc3 Rfc8 24. Rac1 Nd7 25. Rxc7 Rxc7 26. Rxc7 Qxc7 27. Qb5 Nc4 (27... g5 $17 28. f5 Nc4 29. Nxc4 dxc4 30. fxe6 Qg3+ {[%mdl 64] Double Attack} 31. Bg2 Qxe3+ {[%mdl 64] Double Attack} 32. Kf1 Qxe6) 28. Nxc4 $11 dxc4 29. Be4 $2 (29. g5 $11) 29... c3 (29... Nf6 $1 $19 {[%cal Rf6e4]} 30. Bc2 Nd5) 30. Bc2 $15 Nb6 (30... Qd6 $15) 31. Qe8+ $16 Kh7 32. h4 $1 $36 {[%cal Rh4h5][%mdl 2048] Intending h5 and mate. White is in control.} Qd7 33. Qxd7 Nxd7 {[%mdl 4096] Endgame KB-KN} 34. Kf2 Nf6 35. g5 Nd5 {[#]} (35... Ng4+ $16 {might work better.} 36. Kf3 Nh2+ 37. Kg2 Ng4) 36. Ke2 $1 $18 Ne7 (36... Kg8 $142 37. Bb3 Nb6) 37. h5 f6 {intending ...f5.} 38. hxg6+ Nxg6 $2 (38... Kg8 39. gxf6 gxf6) 39. gxf6 gxf6 40. Kd3 $2 (40. Bxg6+ Kxg6 41. e4 (41. Kd3 Kf5 $16)) 40... Ne7 41. Kxc3+ Kh6 $2 (41... Kg7 42. Bb3 Kf7) 42. e4 Kh5 43. Bd1+ Kh4 44. Kd3 Kg3 $2 (44... Nc6 45. d5 Nd8) 45. Ke3 Ng6 {[#]} 46. f5 $1 exf5 47. exf5 Ne7 48. Ke4 Kh4 49. d5 Nc8 50. Kd4 Kg5 51. Bc2 (51. Kc5 $142 Kxf5 52. d6) 51... Kf4 52. Kc5 (52. Kc4 $142 Ke5 53. Kc5) 52... Ke5 53. Kc6 $2 (53. Ba4 $18 Nb6 54. Bb3) 53... Nd6 $2 {[#]} (53... Ne7+ $11 {and Black is okay.} 54. Kb7 Kxd5) 54. a4 $1 {[%cal Ra4a5] Strongly threatening a5.} Nc4 $2 (54... Nc8 55. a5 Ne7+ 56. Kb7 Kxd5) 55. Kc5 $2 (55. Bd1 $18 Nd6 56. Bg4) 55... Nd6 $11 56. a5 {[%cal Ba4a5,Ba5a6][%mdl 32] Black must now prevent a6.} Nc8 $2 {[%mdl 8192]} (56... Nb7+ $11 57. Kb5 Kxd5) 57. Kc6 $2 ({White should play} 57. a6 $18 {aiming for Bd3.} Nd6 58. Kc6) 57... Nd6 $2 {[%mdl 8192]} (57... Ne7+ $14 58. Kb7 Kxd5) 58. Kc7 $2 (58. a6 $18 Nc4 59. Kb7) 58... Kxd5 {The position is equal.} 59. a6 Kc5 60. Kb8 Kb6 61. Bd3 Ne8 62. Kc8 Nc7 63. Kd7 Nxa6 {...Nc5+ is the strong threat.} 64. Ke7 {White wants to mate with Bxa6.} Nc5 65. Bc2 Kc7 66. Kxf6 Kd6 67. Kg7 (67. Kg6 {is interesting.} Nd7 68. Ba4 Ne5+ 69. Kg7 Ke7 70. Bb5) 67... Nd7 68. f6 Nxf6 69. Kxf6 Kc5 70. Ke5 a5 71. Ke6 a4 72. Bxa4 {Accuracy: White = 76%, Black = 46%.} 1/2-1/2

[Event "FIDE-Online-Steinitz-Memorial-Women"]
[Site "Internet"]
[Date "2020.05.17"]
[Round "14"]
[White "Sebag, Marie"]
[Black "Cori T., Deysi"]
[Result "0-1"]
[WhiteElo "2482"]
[BlackElo "2391"]
[Annotator "TA"]
[PlyCount "84"]
[EventDate "2020.05.15"]
[EventType "tourn"]
[SourceTitle "playchess.com"]
[Source "ChessBase"]
[SourceQuality "1"]

{[%evp 10,84,39,30,49,17,53,41,61,52,65,67,43,51,59,35,26,28,43,34,29,22,30,30,22,21,20,12,34,0,0,0,46,0,27,20,74,31,113,51,50,44,47,34,102,46,81,50,51,9,8,10,31,-1160,-740,-1106,-709,-705,-705,-670,-642,-904,-894,-902,-885,-987,-987,-1289,-1256,-29982,-29975,-29989,-29976,-29975,-29977,-7649,-6795]} 1. e4 d5 2. exd5 Qxd5 3. Nc3 Qd6 4. d4 Nf6 5. h3 a6 6. Nf3 Nc6 {B01: Scandinavian Defence.} 7. Bd3 Nb4 8. O-O Nxd3 {White is slightly better.} 9. Qxd3 g6 10. Ne4 Nxe4 11. Qxe4 Bg7 {[#]} 12. Re1 $146 (12. Bf4 $5 {[%cal Rf4d6]} Qe6 13. Rfe1 $14) ({Predecessor:} 12. Bf4 Qe6 13. Qd3 Qf5 14. Qd2 c6 15. Rfe1 Qd5 16. Bh6 O-O 17. Rxe7 Be6 18. Re1 Rae8 19. R1xe6 {1-0 (19) Zhou,Y (2414)-Betori,A (2043) Livigno 2012}) 12... Bf5 13. Qxb7 O-O {[#] Strongly threatening ...Rfb8.} 14. Qb3 c5 15. dxc5 Qxc5 16. c3 e5 17. Be3 Qc6 18. Nd2 Be6 19. Qa3 Rfd8 20. Nb3 Bd5 21. f3 Rac8 22. Rad1 h5 (22... Bf8 $11 {remains equal.} 23. Qa5 Be7) 23. Rd2 Bc4 (23... Bxf3 $14 24. gxf3 Qxf3) 24. Red1 (24. Na5 $16 Qc7 25. Nxc4 Qxc4 26. Rxd8+ Rxd8 27. Qb3) 24... Rxd2 $14 25. Rxd2 Bf8 26. Qa5 Bb5 (26... Qb5 $14) 27. Qb6 ({White should play} 27. Rd8 $16) 27... Qc4 28. Qb7 Re8 29. Rf2 Qd3 $36 {[%mdl 2048] Black has good play.} 30. Qe4 Qd1+ 31. Rf1 $2 {[%mdl 8192] [#] This costs White the game.} (31. Kh2 $14) 31... Qxf1+ $19 32. Kh2 Qd3 33. Nd2 Qxe4 34. Nxe4 Kg7 35. Bg5 f5 36. Nd2 Be7 37. Be3 Rd8 38. c4 f4 39. Bb6 Rxd2 40. cxb5 axb5 41. Bc7 Kf6 42. b3 Rxa2 {Accuracy: White = 56%, Black = 67%.} 0-1

[Event "FIDE-Online-Steinitz-Memorial-Women"]
[Site "Internet"]
[Date "2020.05.17"]
[Round "14"]
[White "Abdumalik, Zhansaya"]
[Black "Paehtz, Elisabeth"]
[Result "1-0"]
[WhiteElo "2409"]
[BlackElo "2396"]
[Annotator "TA"]
[PlyCount "131"]
[EventDate "2020.05.15"]
[EventType "tourn"]
[SourceTitle "playchess.com"]
[Source "ChessBase"]
[SourceQuality "1"]

{[%evp 11,131,2,24,8,21,17,46,52,44,47,49,7,70,18,15,15,16,15,0,0,48,50,21,10,4,-66,50,-12,0,0,0,0,31,0,200,0,0,0,0,0,0,0,77,74,77,5,277,93,93,84,84,0,0,0,0,0,46,46,130,124,106,106,256,251,469,449,612,605,477,293,285,283,276,245,294,245,250,218,640,213,195,156,140,144,316,316,302,293,583,479,479,468,414,169,356,130,1037,334,306,189,191,138,142,138,138,147,2178,1654,12820,6328,29957,29955,29983,29960,29979,29973,29972,29972,29979,29980,29980,29981]} 1. e4 c5 2. Nf3 d6 3. d4 cxd4 4. Nxd4 Nf6 5. Nc3 a6 6. h3 Nc6 7. g4 {B90: Sicilian Najdorf: Unusual White 6th moves, 6 Be3 Ng4 and 6 Be3 e5.} g6 8. Bg2 {[#]} h5 $146 {[%cal Rh5g4]} ({Predecessor:} 8... Bd7 9. Be3 Bg7 10. O-O O-O 11. Nde2 Ne5 12. b3 h6 13. Qd2 Kh7 14. f4 Nc6 {½-½ (48) Nguyen,N (2666)-Lu,S (2663) Hamedan 2018}) 9. g5 {White is slightly better.} Nd7 10. Nde2 Bg7 11. Be3 Nb6 (11... O-O $11) 12. O-O ({White should try} 12. b3 $1 $14) 12... Nc4 $11 13. Bc1 b5 14. b3 b4 15. bxc4 bxc3 {[#]} 16. e5 $1 {[%mdl 512]} Bd7 $1 (16... Nxe5 17. Bxa8) 17. exd6 O-O 18. Ba3 (18. Bf4 $11) 18... e6 ({Better is} 18... exd6 $15 19. Bxd6 (19. Qxd6 Re8 $17) 19... Re8) 19. Qc1 (19. Rb1 $14) 19... Qa5 20. Rb1 $1 {[%cal Rb1b7]} Rab8 21. Rb3 $1 Rfc8 22. Rd1 {Black must now prevent Bxc6.} (22. Bxc6 $5 Bxc6 23. c5 $11) 22... Qa4 $2 (22... Nb4 $11) 23. Nxc3 $2 (23. c5 $18) 23... Qxc4 24. Rxb8 Rxb8 25. Ne4 Nd4 26. Qd2 Qxc2 (26... Rc8 $11) 27. Qxc2 $16 Nxc2 28. Bc5 (28. Nc5 $16 Bb5 29. Bc1) 28... Nb4 $2 {[%mdl 8192]} (28... Kf8 $1 $11) 29. Rb1 $2 (29. Ba7 $18 {has better winning chances.} Ra8 30. Bb6) 29... Nc6 30. Rxb8+ Nxb8 31. Bf1 (31. Ba7 $16 Nc6 32. Bb6) 31... Bc6 $11 32. f3 Nd7 {...Bxe4 is the strong threat.} 33. Be3 Be5 34. Bxa6 Bxe4 (34... Kf8 $14) 35. fxe4 $16 {Threatens to win with Bb5.} Bxd6 $14 {[%mdl 4096] Endgame KBB-KBN} 36. Bb5 Ne5 (36... Nc5 $16) 37. Kf2 Bb4 $2 (37... f6 38. gxf6 Bc7) 38. a4 $18 Ba5 39. Ke2 f6 40. Bd4 Kf7 41. gxf6 Kxf6 42. h4 Bb4 43. Ke3 Ba5 44. Be2 Bc7 $2 (44... Bb4 45. Kf2 Ba5) 45. Bc3 $2 (45. Kf4) 45... Ke7 46. a5 {[%cal Ba4a5,Ba5a6][%mdl 32]} Nc6 47. a6 Bb6+ $2 {[#]} (47... Bg3 $16 48. Bd4 Bb8) 48. Kf4 $1 Kf7 49. Bb5 Bc7+ $2 (49... Nd4 {might work better.}) 50. Ke3 Bb6+ 51. Kd3 Na7 52. Bc4 (52. Ba4 $142) 52... Nc8 $2 (52... Nc6 53. Bb5 Na7) 53. Be5 $2 (53. Bd4 $18 {and White stays clearly on top. Strongly threatening Bxb6.} Bc7 54. Bb5) 53... Na7 $2 {[%mdl 8192]} (53... Bf2 $16 54. Bd4 Bxh4) 54. Ke2 $2 (54. Bd4 Bxd4 55. Kxd4) 54... Nc6 55. Bc3 Nd4+ 56. Kd3 ({White should play} 56. Kd2 $18) 56... Nc6 $16 57. e5 g5 58. hxg5 {Hoping for g6+!} Kg6 $2 {[%mdl 8192]} (58... h4 $16) 59. Bxe6 $18 Kxg5 60. Bd5 Ne7 61. Be4 {White mates.} Kf4 62. e6 h4 63. Bf6 Nc8 64. Bxh4 Ke5 65. e7 Nxe7 66. Bxe7 {Accuracy: White = 55%, Black = 37%.} 1-0

[Event "FIDE-Online-Steinitz-Memorial-Women"]
[Site "Internet"]
[Date "2020.05.17"]
[Round "15"]
[White "Lagno, Kateryna"]
[Black "Sebag, Marie"]
[Result "1-0"]
[WhiteElo "2608"]
[BlackElo "2482"]
[Annotator "TA"]
[PlyCount "77"]
[EventDate "2020.05.15"]
[EventType "tourn"]
[SourceTitle "playchess.com"]
[Source "ChessBase"]
[SourceQuality "1"]

{[%evp 12,77,28,6,45,50,89,105,119,54,64,58,59,36,33,27,43,43,77,78,100,95,93,100,135,116,172,160,210,210,206,128,130,93,154,129,172,169,183,169,130,104,230,0,85,101,114,9,300,14,108,39,237,71,300,299,252,322,738,690,2269,2143,2719,2690,29995,29993,29995,29996]} 1. e4 c5 2. Nf3 d6 3. d4 cxd4 4. Nxd4 Nf6 5. Nc3 a6 6. Be3 e5 7. Nf3 h6 {B90: Sicilian Najdorf: Unusual White 6th moves, 6 Be3 Ng4 and 6 Be3 e5.} 8. Nd2 $5 {[%mdl 4] [#] An interesting side line.} Be7 $146 ({Predecessor:} 8... Qc7 9. Nc4 Nbd7 10. a4 Nc5 11. Be2 Rb8 12. a5 Be7 13. Nb6 Ncxe4 14. Nxe4 Nxe4 15. Nd5 {1-0 (57) Faber,H (2494)-Tauscher,K (2422) Remote email 2013}) 9. Nc4 $1 Nc6 {White is better.} 10. Nb6 (10. Bb6 $16 Qd7 11. Nd5 Nxd5 12. exd5) 10... Rb8 $14 11. Be2 O-O 12. O-O Be6 13. a4 {[%cal Ba2a4,Ba4a5][%mdl 32]} Nb4 14. Bf3 Qc7 15. a5 Rfe8 16. Ra4 $36 {[%mdl 2048] White has strong initiative.} Nc6 17. Ncd5 Bxd5 18. exd5 e4 (18... Nd4 $16 {was worth a try.}) 19. Bxe4 $18 (19. dxc6 $6 exf3 20. Qxf3 bxc6 $11) 19... Nxe4 20. Rxe4 Ne5 21. c4 f5 22. Rf4 Rf8 (22... Bg5 $142) 23. b4 g5 24. Rd4 f4 25. Bc1 f3 26. Re1 fxg2 {[#]} (26... Bf6 $16) 27. Re3 $2 ({Much less strong is} 27. Kxg2 $6 Bf6 $16) (27. Rxe5 $1 $18 {[%mdl 512]} dxe5 28. d6 {[%mdl 64] Double Attack}) 27... Rf6 (27... Rf5 $1 $11 {keeps the balance.}) 28. Rg3 $1 $16 {Strongly threatening f4.} Rbf8 29. f4 (29. Bxg5 $1 $16 hxg5 30. Rxg5+ Rg6 31. Rxg6+ Nxg6 32. Qh5) 29... Ng6 $2 {[%mdl 8192]} (29... Bd8 $1 $11) 30. Rxg2 $2 (30. Qh5 $1 $18) 30... Kh7 {[#]} (30... Rf5 $11) 31. Qd3 ({Don't play} 31. fxg5 $6 Rf1+ 32. Qxf1 Rxf1+ 33. Kxf1 Bxg5 $11) (31. Qc2 $1 $16) 31... Kh8 $2 {[#]} (31... Rf5 $14) 32. Bb2 $2 (32. fxg5 Ne5 $16) (32. Qh3 $1 $18 {[%cal Rh3h6] and the rest is easy.} Nh4 33. Rg4) 32... Nh4 $2 (32... Rf5 $16) 33. Rf2 $18 {aiming for fxg5!} ({Not} 33. fxg5 Rf1+ 34. Qxf1 Rxf1+ 35. Kxf1 Nxg2 $16) 33... Kg8 34. Re4 Rg6 $2 (34... Rxf4 35. Rfxf4 gxf4) 35. Re6 Rxe6 36. dxe6 Qc6 37. Nd5 {[%cal Rd5e7]} Re8 38. fxg5 Bxg5 39. Qd4 {Accuracy: White = 52%, Black = 21%.} 1-0

[Event "FIDE-Online-Steinitz-Memorial-Women"]
[Site "Internet"]
[Date "2020.05.17"]
[Round "15"]
[White "Lei, Tingjie"]
[Black "Kosteniuk, Alexandra"]
[Result "1-0"]
[WhiteElo "2530"]
[BlackElo "2521"]
[Annotator "TA"]
[PlyCount "131"]
[EventDate "2020.05.15"]
[EventType "tourn"]
[SourceTitle "playchess.com"]
[Source "ChessBase"]
[SourceQuality "1"]

{[%evp 9,131,4,21,21,21,29,21,18,29,28,40,31,33,28,28,23,26,34,34,35,60,12,20,23,14,0,0,0,0,0,0,0,0,1,7,0,0,0,0,0,0,-384,-391,-381,-364,-343,-356,-388,-391,-360,-325,-325,-352,-334,-325,-257,-146,-163,-121,-147,-126,-191,0,0,0,0,0,0,0,-8,0,0,0,0,0,-8,-8,-9,-9,-16,-18,-21,-21,-1047,-1007,-1655,-1276,-29969,-666,-29975,-29976,-12799,-5103,-5095,-5088,-5040,-5026,-29980,-29980,-29982,-29983,-29983,-29984,-29984,-29982,-29982,-29979,-29977,29982,29983,29983,29984,29998,29981,29981,29981,29982,29982,29982,29982,29983,29984,29984,29985]} 1. e4 c6 2. d4 d5 3. e5 c5 4. dxc5 e6 5. a3 Nc6 6. Nf3 {B12: Caro-Kann: Advance Variation.} Bxc5 7. b4 Bb6 8. Bb2 {The position is equal.} Nge7 9. Bd3 Ng6 10. O-O O-O 11. Re1 f6 12. exf6 gxf6 13. c4 Nf4 14. Bf1 e5 15. cxd5 Qxd5 16. Qxd5+ Nxd5 17. Bc4 {Nc3 is the strong threat.} Be6 18. Nc3 Rad8 19. Rad1 {[%cal Rc3d5]} Nf4 20. Bxe6+ Nxe6 {[#]} 21. Ne4 $146 ({Predecessor:} 21. Nd5 Ncd4 22. Nxd4 Bxd4 23. Bxd4 Nxd4 24. Ne3 Kf7 25. Kf1 Rd6 26. Rc1 Rc6 27. Rxc6 Nxc6 {½-½ (37) Melia,S (2385)-Bhakti,K (2322) Astana 2019}) 21... Ncd4 22. Nxd4 Bxd4 23. Bxd4 Nxd4 24. Rc1 Rd7 25. Rc3 $2 {[%mdl 8192] [#]} (25. Kf1 $11 {and White stays safe.}) 25... Ne2+ $1 $19 {[%mdl 576] Double Attack} 26. Kf1 (26. Rxe2 Rd1+) 26... Nxc3 27. Nxc3 {[%mdl 4096] Endgame KRR-KRN} Rc8 28. Ne4 Kf7 29. g4 Rcd8 30. Kg2 Rd1 31. Re2 b6 32. Rc2 R8d7 (32... Rg8 $19 33. Kf3 Rd3+ 34. Ke2 Rxa3 35. Rc7+ Ke6) 33. Rc6 $17 R1d4 34. f3 Ke7 35. Kg3 (35. h4 $17) 35... Rxe4 $2 (35... Rd3 $19 36. Nxf6 R7d4 37. Nxh7 e4) 36. fxe4 $19 {KR-KR} Rd3+ 37. Kh4 Rxa3 38. Rc7+ Ke6 39. Rxh7 Ra4 40. Kh5 Rxb4 41. Rxa7 Rxe4 42. Rb7 Rb4 43. h4 e4 {Threatens to win with ...e3.} 44. Rb8 Kd7 45. Rb7+ Kd6 46. Rb8 $2 {[%mdl 8192] [#]} (46. g5 $11 fxg5 47. hxg5) 46... e3 $1 47. Re8 Rb5+ 48. g5 fxg5 (48... Re5 $142 49. Rd8+ Kc5 50. Kg4 e2 51. Rc8+ Kd6 52. Rc1 e1=Q 53. Rxe1 Rxe1 54. g6 b5 55. h5 b4 56. h6 Rg1+ 57. Kf4 Rxg6 58. h7 Rh6 59. Ke4 b3 60. Kd3 Rxh7 61. Kc3 Rb7 62. Kd4 b2 63. Ke4 b1=Q+ 64. Ke3 Rb3+ 65. Kf4 Qf1+ 66. Kg4 Qh3+ 67. Kf4 Qf3#) 49. hxg5 Re5 50. Rd8+ Ke7 (50... Kc5 $142 51. Rd1 e2) 51. Rd1 e2 52. Re1 b5 53. Kh6 Kf8 54. g6 Kg8 55. g7 Re6+ 56. Kg5 b4 57. Kf5 Re8 58. Kf6 b3 $4 {[%mdl 8192] [#]} (58... Re3 59. Rh1 Rf3+ 60. Kg6 Rg3+ 61. Kf6 Rxg7 62. Re1 Rf7+ 63. Kg5 Re7 64. Kh6 b3 65. Kg5 b2 66. Kf4 Rf7+ 67. Ke3 Rf1 68. Rxe2 b1=Q 69. Rg2+ Kh7 70. Rh2+ Kg6 71. Rd2 Qb3+ 72. Rd3 Qb6+ 73. Ke4 Qe6+ 74. Kd4 Qd6+ 75. Kc4 Rf4+ 76. Rd4 Rxd4+ 77. Kc3 Qb4+ 78. Kc2 Rd2+ 79. Kc1 Qb2#) 59. Rh1 $1 {[%csl Gg7][%cal Rh1h8] White mates.} Re6+ 60. Kxe6 {KR-KPP} b2 61. Re1 Kxg7 62. Ke5 Kf7 63. Ke4 Ke6 64. Kd4 Kd6 65. Kc3 Kd5 66. Kxb2 {What a fight! Accuracy: White = 72%, Black = 77%.} 1-0

[Event "FIDE-Online-Steinitz-Memorial-Women"]
[Site "Internet"]
[Date "2020.05.17"]
[Round "15"]
[White "Tan, Zhongyi"]
[Black "Stefanova, Antoaneta"]
[Result "0-1"]
[WhiteElo "2510"]
[BlackElo "2485"]
[Annotator "TA"]
[PlyCount "66"]
[EventDate "2020.05.15"]
[EventType "tourn"]
[SourceTitle "playchess.com"]
[Source "ChessBase"]
[SourceQuality "1"]

{[%evp 10,66,32,32,32,25,25,13,31,25,25,28,26,18,27,20,41,41,41,41,50,30,47,48,41,41,43,40,53,48,73,22,22,22,22,13,15,-75,-42,-42,-4,-47,0,0,0,-90,-102,-404,-373,-29986,-29987,-29997,-29987,-29996,-29997,-29997,-29991,-29992,-29993]} 1. d4 d5 2. c4 c6 3. Nf3 Nf6 4. Nc3 a6 5. c5 Bf5 6. Qb3 Ra7 {D15: Slav Defence: 4 Nc3 a6 and gambit lines after 4 Nc3 dxc4.} 7. Bf4 {7.Bf4 was played by the boomers.} Nbd7 8. e3 (8. h3 h6 9. e3 g5 10. Bg3 Bg7 11. Be2 O-O 12. Ne5 Ne4 13. Nxe4 Bxe4 14. Nxd7 Qxd7 15. f3 Bg6 16. Bd3 Bxd3 17. Qxd3 {0-1 (40) Tan,Z (2513)-Stefanova,A (2470) Hengshui 2019}) 8... h6 {The position is equal.} 9. Be2 e6 10. O-O Be7 {[#]} 11. Qd1 $146 ({Predecessor:} 11. Rfc1 O-O 12. Qd1 Ne4 13. Nxe4 Bxe4 14. b4 Bxf3 15. Bxf3 Bf6 16. Bd6 Re8 17. a4 {½-½ (29) Lewis,A (2347)-Schnelzer,R (2178) Rhodes 2019}) 11... O-O 12. b4 Ne4 13. Nxe4 Bxe4 14. Bd3 f5 15. Bg3 Bxd3 16. Qxd3 g5 17. h3 Qe8 18. a4 h5 19. b5 g4 20. hxg4 ({White should play} 20. Ne5 $16) 20... hxg4 $11 21. Ne5 Nxe5 22. Bxe5 Qh5 23. Bg3 (23. bxc6 $11 {remains equal.} bxc6 24. f3) 23... Rf7 {And now ...Rh7 would win.} (23... Kf7 $5 {[%cal Rf8h8]} 24. f4 (24. Be5 $2 Bf6 $19) 24... axb5 25. axb5 Bh4 $1 $17 {[%mdl 512]}) 24. f4 gxf3 25. Rxf3 {Strongly threatening Be5.} Rg7 {Threatens to win with ...Bh4.} 26. bxc6 {Hoping for c7.} bxc6 {White must now prevent ...Bh4.} 27. Rb1 {[#]} (27. Qf1 $11) 27... Bh4 $1 $17 {[%cal Rh4g3]} 28. Rb8+ $2 {[%mdl 8192] This costs White the game.} (28. Qb3 $17 {nothing else works.}) 28... Kh7 $19 29. Rf8 $2 (29. Bxh4 $19 Qxf3 30. Qd2) 29... Bxg3 {Black mates.} 30. R8xf5 exf5 31. Rxf5 Qh2+ 32. Kf1 Kg8 33. Qb3 Raf7 {Accuracy: White = 62%, Black = 81%.} 0-1

[Event "FIDE-Online-Steinitz-Memorial-Women"]
[Site "Internet"]
[Date "2020.05.17"]
[Round "15"]
[White "Khademalsharieh, Sarasadat"]
[Black "Abdumalik, Zhansaya"]
[Result "0-1"]
[WhiteElo "2431"]
[BlackElo "2409"]
[Annotator "RC"]
[PlyCount "74"]
[EventDate "2020.05.15"]
[EventType "tourn"]
[SourceTitle "playchess.com"]
[Source "ChessBase"]
[SourceQuality "1"]
[TimeControl "180+2"]

1. d4 Nf6 2. c4 {[%emt 0:00:04]} g6 {[%emt 0:00:04]} 3. g3 {[%emt 0:00:01]} Bg7 {[%emt 0:00:05]} 4. Bg2 {[%emt 0:00:02]} c5 {[%emt 0:00:02]} 5. dxc5 {[%emt 0:00:03]} Qa5+ {[%emt 0:00:06]} 6. Nc3 {[%emt 0:00:01]} Qxc5 {[%emt 0:00:02]} 7. Qa4 {[%emt 0:00:02]} O-O {[%emt 0:00:05]} 8. Be3 {[%emt 0:00:18]} Qc7 {[%emt 0:00:30]} 9. Nf3 {[%emt 0:00:13]} Nc6 {[%emt 0:00:04]} 10. O-O {[%emt 0:00:07]} d6 {[%emt 0:00:09]} 11. Rac1 {[%emt 0:00:04]} Bd7 {[%emt 0:00:04]} 12. Nd5 {[%emt 0:00:10]} Qd8 {[%emt 0:00:07]} 13. Qb3 {[%emt 0:00:11]} Rb8 {[%emt 0:00:18]} 14. h3 {[%emt 0:00:04]} e6 {[%emt 0:00:15]} 15. Nxf6+ {[%emt 0:00:09]} Qxf6 {[%emt 0:00:01]} 16. Rc2 {[%emt 0:00:10]} h6 {[%emt 0:00:11]} 17. Rd1 {[%emt 0:00:02]} e5 {[%emt 0:00:16]} 18. Rcd2 {[%emt 0:00:08]} Be6 {[%emt 0:00:03]} 19. Qc2 {[%emt 0:00:26]} Bf5 {[%emt 0:00:10]} 20. Qc1 {[%emt 0:00:03]} Rfd8 {[%emt 0:00:01]} 21. b3 {[%emt 0:00:01]} Rbc8 {[%emt 0:00:03]} 22. Qa3 {[%emt 0:00:02]} Bf8 {[%emt 0:00:02]} 23. Qc1 {[%emt 0:00:13]} b5 {[%emt 0:00:06]} 24. g4 {[%emt 0:00:05]} Be6 {[%emt 0:00:15]} 25. g5 {[%emt 0:00:20]} Qe7 {[%emt 0:00:02]} 26. gxh6 {[%emt 0:00:01]} bxc4 {[%emt 0:00:03]} 27. bxc4 {[%emt 0:00:01]} Na5 {[%emt 0:00:04]} 28. Ng5 {[%emt 0:00:09]} Nxc4 {[%emt 0:00:10]} 29. h7+ {[%emt 0:00:08]} Kh8 {[%emt 0:00:03]} 30. Nxe6 {[%emt 0:00:05]} Nxd2 {[%emt 0:00:04]} 31. Qxd2 {[%emt 0:00:15]} Qxe6 {[%emt 0:00:03]} 32. Bg5 {[%emt 0:00:04]} f6 {[%emt 0:00:10]} 33. Bh6 {[%emt 0:00:03]} Kxh7 {[%emt 0:00:04]} 34. Bxf8 {[%emt 0:00:02]} Rxf8 {[%emt 0:00:01]} 35. Kh2 {[%emt 0:00:02]} Rfd8 {[%emt 0:00:03]} 36. Bd5 {[%emt 0:00:01]} Qf5 {[%emt 0:00:02]} 37. e3 {[%emt 0:00:03]} Rc2 {[%emt 0:00:03]} 0-1